Effect of storage condition on zea maize pollen viability at the royal university of agriculture, ឥទ្ធិពលនៃលក្ខខណ្ឌការថែរក្សាទៅលើដំណុះភាពនៃគ្រាប់លំអង់ពោតនៅសាកលវិទ្យាល័យភូមិន្ទកសិកម្ម (Record no. 2878)

000 -LEADER
fixed length control field 00720nam a22001577a 4500
003 - CONTROL NUMBER IDENTIFIER
control field OSt
005 - DATE AND TIME OF LATEST TRANSACTION
control field 20151110132857.0
008 - FIXED-LENGTH DATA ELEMENTS--GENERAL INFORMATION
fixed length control field 151031b xxu||||| |||| 00| 0 eng d
040 ## - CATALOGING SOURCE
Transcribing agency RUA
082 ## - DEWEY DECIMAL CLASSIFICATION NUMBER
Classification number ATM.s KUO 2004 B059 Or.1
100 ## - MAIN ENTRY--PERSONAL NAME
9 (RLIN) 3088
Personal name KUONG, SOTHIRA.
245 ## - TITLE STATEMENT
Title Effect of storage condition on zea maize pollen viability at the royal university of agriculture, ឥទ្ធិពលនៃលក្ខខណ្ឌការថែរក្សាទៅលើដំណុះភាពនៃគ្រាប់លំអង់ពោតនៅសាកលវិទ្យាល័យភូមិន្ទកសិកម្ម
260 ## - PUBLICATION, DISTRIBUTION, ETC. (IMPRINT)
Place of publication, distribution, etc. Phnom Penh
Name of publisher, distributor, etc. RUA
Date of publication, distribution, etc. 2004
300 ## - PHYSICAL DESCRIPTION
Extent ix; 38p.
Other physical details ill.
Dimensions 29cm.
942 ## - ADDED ENTRY ELEMENTS (KOHA)
Source of classification or shelving scheme
Koha item type ATM.s
Holdings
Price effective from Date last seen Permanent Location Not for loan Date acquired Source of classification or shelving scheme Koha item type Lost status Withdrawn status Date last checked out Total Checkouts Shelving location Damaged status Barcode Current Location Full call number
2015-10-312015-10-31Library Block B 2015-10-31 ATM.s    B059 RUA005105Library Block BATM.s KUO 2004 B059 Or.1
2015-10-312016-06-04Library Block B 2015-10-31 ATM.s  2016-05-181B059 RUA005172Library Block BATM.s KUO 2004 B059 Or.2
2015-10-312016-07-08Library Block B 2015-10-31 ATM.s  2016-07-051B059 RUA004246Library Block BATM.s KUO 2004 B059 Or.3
2015-10-312016-08-12Library Block B 2015-10-31 ATM.s  2016-07-192B059 RUA005246Library Block BATM.s KUO 2004 B059 Or.4
2015-10-312016-08-15Library Block B 2015-10-31 ATM.s  2016-07-201B059 RUA005244Library Block BATM.s KUO 2004 B059 Or.5
មជ្ឈមណ្ឌលឯការនៃសាកលវិទ្យាល័យភូមិន្ទកសិកម្មចំការដូង

Powered by Koha